[Event "2nd Sharjah Masters 2018"]
[Site "Sharjah"]
[Date "2018.04.14"]
[Round "3"]
[White "Jumabayev, Rinat"]
[Black "Yakubboev, Nodirbek"]
[Result "1/2-1/2"]
[WhiteElo "2612"]
[BlackElo "2482"]
[Annotator "TA"]
[PlyCount "89"]
[EventDate "2018.??.??"]
[EventType "swiss"]
[EventCountry "UAE"]
[SourceTitle "playchess.com"]
[Source "ChessBase"]
[SourceQuality "1"]

{[%evp 21,89,41,32,37,53,50,54,43,47,35,22,27,89,89,98,89,96,90,109,113,127,84,82,83,77,-13,-18,-17,-21,-76,18,0,0,-25,-6,-40,-31,-55,-8,-8,-8,-8,-8,-8,-8,-10,-8,-8,-10,-22,-17,-30,-8,-8,-8,-8,-8,-8,-8,-8,-8,-8,-8,-8,-8,-8,0,0,0,0]} 1. c4 e6 2. g3 d5 3. Bg2 Nf6 4. Nf3 Be7 5. O-O O-O 6. d4 Nbd7 7. Qc2 c6 8. Nbd2 b6 9. e4 Nxe4 10. Nxe4 dxe4 11. Qxe4 Ba6 {LiveBook: 9 Games. E09: Closed Catalan: Main Line: 7 Qc2 c6 8 Nbd2} (11... Bb7 12. Bf4 Nf6 13. Qe2 c5 14. Rfd1 cxd4 15. Nxd4 Qc8 16. Rac1 Re8 17. Nb5 Bxg2 18. Kxg2 Qc6+ 19. Qf3 Rec8 20. Qxc6 Rxc6 {½-½ (41) Viterbo Ferreira,J (2492)-Gajewski,G (2588) Batumi 2018}) 12. Qc2 Qc7 13. Rd1 Rad8 $146 {White is slightly better.} ({Find the theoretical novelty and annotate with similar games:} 13... Rac8 14. Bf4 Bd6 15. Ng5 g6 16. Bxd6 Qxd6 17. Qa4 Nb8 18. Ne4 Qe7 19. c5 {1-0 (38) Chitlange,S (2112)-Kaur,P (1723) Mysore 2017}) 14. Bf4 Qc8 15. c5 (15. Bg5 {NOTEXT} Bxg5 16. Nxg5 Nf6 17. c5 Qb7 18. b3) 15... bxc5 16. dxc5 Nf6 (16... Nxc5 $11 17. Ne5 Bb5) 17. Bd6 $16 Bxd6 18. cxd6 Nd5 19. Ng5 {[%csl Gg5][%cal Rc2h7]} f5 {[#]} 20. Qc5 $1 Rf6 21. Rac1 (21. Bxd5 $6 cxd5 22. Qxa7 Rxd6 $11) ({But not} 21. Qxa7 $6 Rxd6 22. Rac1 h6 $14) 21... h6 22. Nf3 {[%cal Bg5f3,Bf3d4,Bd4e6][%mdl 32] Black must now prevent Ne5.} ({Reject} 22. Bxd5 exd5 23. Nh3 Rdxd6 $15) ({Stronger than} 22. Qxc6 hxg5 23. Bxd5 exd5 $17) 22... Be2 23. Rxd5 (23. Rd2 $16 Bxf3 24. Bxf3) 23... exd5 $11 24. Nd4 Qa6 25. Re1 {[#]} (25. Nxc6 $11 {remains equal.} Rdxd6 26. Ne7+ Kh7 27. Bxd5) 25... Bd3 ({Black should play} 25... Bh5 $1 $17 26. Nxc6 Rdxd6 27. Ne7+ Kh7 28. Nxd5 Rf8) 26. Ne6 Rd7 {Threatens to win with ...Be4.} 27. Qe3 f4 28. gxf4 (28. Nxf4 $5 {[%cal Re3e8]} Bf5 29. Nxd5 $11) 28... Bf5 29. Nc5 Qc8 30. Nxd7 Qxd7 31. Qe8+ Kh7 32. Qxd7 Bxd7 {[%mdl 4096] Endgame KRB-KRB} 33. Kf1 Rxd6 34. Re3 Bf5 35. Ke1 Rg6 36. Rg3 Rg4 37. Rxg4 {The position is equal.} Bxg4 {KB-KB} 38. Kd2 Kg6 39. b4 Kf5 40. Ke3 Ke6 41. Kd4 Kd6 42. a3 Be2 43. Bh3 {[#]} a5 $1 {[%mdl 512]} 44. Bf5 (44. bxa5 c5+) 44... axb4 45. axb4 {Precision: White = 62%, Black = 58%.} 1/2-1/2

[Event "2nd Sharjah Masters 2018"]
[Site "Sharjah"]
[Date "2018.04.14"]
[Round "3"]
[White "Petrosian, Tigran L"]
[Black "Darini, Pouria"]
[Result "1-0"]
[WhiteElo "2609"]
[BlackElo "2478"]
[Annotator "TA"]
[PlyCount "75"]
[EventDate "2018.??.??"]
[EventType "swiss"]
[EventCountry "UAE"]
[SourceTitle "playchess.com"]
[Source "ChessBase"]
[SourceQuality "1"]

{[%evp 21,75,22,47,23,33,40,52,10,29,39,47,50,83,106,82,87,131,99,129,94,96,106,87,57,106,118,197,187,251,247,249,247,245,126,320,242,272,285,287,261,395,375,427,441,470,436,514,502,638,641,542,343,871,853,841,831]} 1. Nf3 Nf6 2. g3 g6 3. Bg2 Bg7 4. O-O O-O 5. d4 d5 6. c4 dxc4 7. Na3 c3 8. bxc3 c5 9. Re1 {D77: Fianchetto Grünfeld: 6 0-0: Replies other than 6...c6} Nc6 10. Bb2 Qb6 (10... Nd5 11. Qc2 cxd4 12. Nxd4 Nf6 13. Nxc6 bxc6 14. c4 Bf5 15. Qc1 Qc7 16. Nc2 Rab8 {1-0 (39) Mamedyarov,S (2809)-Grischuk,A (2767) Berlin 2018}) 11. Nc4 Qa6 {LiveBook: 10 Games} 12. Nce5 Bf5 $146 ({Predecessor:} 12... Rd8 13. e3 Be6 14. a4 Bd5 15. Ba3 Nxe5 16. Nxe5 Bxg2 17. Kxg2 {0-1 (26) Dreev,A (2653)-Hansen,E (2629) chess.com INT 2018}) 13. Nxc6 bxc6 14. Qc1 Be4 15. Ba3 Nd7 16. Bh3 Bf5 17. Bxf5 gxf5 18. e4 Rfe8 19. exf5 Qd3 20. Ne5 Bxe5 21. dxe5 {[%cal Bd4e5,Be5e6][%mdl 32]} Qxf5 22. Qe3 Rab8 23. Rad1 ({Much weaker is} 23. Bxc5 Rb5 $14) 23... Rb5 (23... f6 $16) 24. e6 $36 {[%mdl 2048] Keeping Black busy.} Nf6 (24... Nb6 $142) 25. c4 $18 Ra5 {[#] White must now prevent ...Ng4.} 26. exf7+ Kxf7 {...Ng4 is the strong threat.} 27. Re2 ({White should play} 27. f3 $18) 27... Ra4 $2 (27... Qe4 $16) 28. Qb3 ({Inferior is} 28. Qxc5 Qf3 $11) 28... Ra6 29. Rde1 Rb6 30. Qd1 Rb7 (30... e5 $142 31. Qa4 Rb1 32. Qxa7+ Kg8 33. Bxc5 Rxe1+ 34. Rxe1 Ne4) 31. Re5 Qh3 32. Bxc5 Qg4 33. Qc2 Rd7 34. Kg2 e6 35. h3 Qg6 36. Qe2 Rdd8 $2 {[#]} (36... Qd3 37. Rxe6 Qxe2 38. R6xe2 Rxe2 39. Rxe2 Nh5) 37. Rxe6 Qf5 38. Be7 {Precision: White = 62%, Black = 29%.} 1-0

[Event "2nd Sharjah Masters 2018"]
[Site "Sharjah"]
[Date "2018.04.14"]
[Round "3"]
[White "Narayanan S L"]
[Black "Kryvoruchko, Yuriy"]
[Result "1/2-1/2"]
[WhiteElo "2568"]
[BlackElo "2703"]
[Annotator "TA"]
[PlyCount "79"]
[EventDate "2018.??.??"]
[EventType "swiss"]
[EventCountry "UAE"]
[SourceTitle "playchess.com"]
[Source "ChessBase"]
[SourceQuality "1"]

{[%evp 20,79,27,32,37,36,31,21,25,32,29,31,47,16,27,16,34,22,31,5,6,8,6,8,9,0,0,0,0,0,0,0,6,0,9,0,0,0,0,0,0,0,2,0,0,0,0,0,0,0,0,0,0,0,0,0,0,0,0,0,0,0]} 1. d4 Nf6 2. c4 e6 3. Nf3 d5 4. Nc3 Be7 5. Bf4 O-O 6. e3 Nbd7 7. a3 {D37: Queen's Gambit Declined: 5 Bf4} c5 8. cxd5 Nxd5 9. Nxd5 exd5 10. dxc5 Nxc5 11. Be5 {LiveBook: 152 Games} Bf6 12. Bxf6 Qxf6 13. Qd4 Qxd4 14. Nxd4 Bd7 {[#]} 15. g3 $146 Ne6 16. O-O-O Rfd8 17. Kb1 Rac8 18. Bh3 Kf8 19. Rd2 (19. Bxe6 {keeps more tension.} fxe6 20. f4 Kf7 21. g4 Ke7 22. Rc1) 19... Nxd4 {The position is equal.} 20. Bxd7 Rxd7 21. Rxd4 $11 {[%mdl 4096] Endgame KRR-KRR} Rc4 22. Rd3 Ke7 23. Rhd1 Ke6 24. b3 Rc6 25. Kb2 a5 26. Rd4 f5 27. R1d2 g6 28. h3 h5 29. a4 b5 30. axb5 Rc5 31. g4 hxg4 32. hxg4 Rxb5 33. Rc2 Rd6 34. Rc3 Rdb6 35. Ra4 Kf6 36. Kc2 Kg5 37. gxf5 gxf5 38. Rd3 Kf6 39. Rh4 Ke5 40. Ra4 {Precision: White = 41%, Black = 78%.} 1/2-1/2

[Event "2nd Sharjah Masters 2018"]
[Site "Sharjah"]
[Date "2018.04.14"]
[Round "3"]
[White "Abdusattorov, Nodirbek"]
[Black "Naiditsch, Arkadij"]
[Result "1-0"]
[WhiteElo "2540"]
[BlackElo "2701"]
[Annotator "TA"]
[PlyCount "81"]
[EventDate "2018.??.??"]
[EventType "swiss"]
[EventCountry "UAE"]
[SourceTitle "playchess.com"]
[Source "ChessBase"]
[SourceQuality "1"]

{[%evp 18,81,16,20,30,28,42,22,39,33,35,35,72,62,88,87,156,154,154,149,148,152,147,150,160,147,154,125,112,95,156,114,261,145,199,146,144,111,114,83,89,93,202,198,200,209,210,208,280,256,240,245,242,197,210,185,206,206,291,270,366,363,345,345,429,418]} 1. e4 e5 2. Nf3 Nc6 3. Bb5 Nf6 4. d3 d6 5. O-O Bd7 6. c4 {C66: Ruy Lopez: Steinitz Defence} (6. Re1 Be7 7. c3 O-O 8. h3 Re8 9. a4 Bf8 10. Bg5 h6 11. Bh4 g5 12. Bg3 Ne7 13. Bxd7 Qxd7 {1-0 (42) Caruana,F (2784)-Naiditsch,A (2701) Karlsruhe/Baden-Baden 2018}) 6... g6 7. Nc3 Bg7 8. h3 O-O 9. Be3 a6 10. Ba4 {LiveBook: 6 Games} Nh5 11. Nd5 Rb8 $146 ({Find the theoretical novelty and annotate with similar games:} 11... Nd4 12. Bxd7 Qxd7 13. Nxd4 exd4 14. Bg5 {1-0 (38) Yu,Y (2657)-Rzayev,B (2429) Kazan 2013}) 12. Rc1 Ne7 13. Bxd7 Qxd7 14. d4 Rfd8 15. Bg5 f6 16. Be3 b5 (16... Nxd5 $142 17. cxd5 c6) 17. dxe5 $16 dxe5 18. Qb3 bxc4 19. Nxe7+ (19. Qxc4 $6 Nxd5 20. exd5 Qxd5 $11) 19... Qxe7 20. Qxc4+ Kh8 21. b3 ({Don't do} 21. Qxc7 $6 Qxc7 22. Rxc7 Rxb2 $11) 21... Nf4 22. Qxc7 Ne2+ 23. Kh1 Qe8 {[#]} (23... Qxc7 $142 24. Rxc7 Rdc8 25. Rxc8+ Rxc8) 24. Rc4 $1 f5 (24... Rdc8 $16 {might work better.} 25. Qa5 Qb5 26. Rxc8+ Rxc8 27. Qxb5 axb5) 25. Qc6 (25. exf5 $18 gxf5 26. Re1) 25... Rbc8 (25... Qxc6 $16 26. Rxc6 Rdc8 27. Rxa6 f4) 26. Qxe8+ ({Better is} 26. Qxa6 $18 Ra8 27. Qc6) 26... Rxe8 27. Rxc8 Rxc8 28. exf5 gxf5 29. Re1 Nc3 (29... Rc2 $16 {is a better defense.}) 30. Rc1 $18 e4 31. Nh4 Rf8 32. Bc5 Rc8 33. Bd6 f4 34. Nf5 ({Resist} 34. Bxf4 Rf8) 34... Rd8 35. Bxf4 Ne2 36. Rc7 Nxf4 37. Nxg7 ({Inferior is} 37. Rxg7 Rf8 $11) 37... Rd2 (37... Rf8 $142 38. Re7 Kg8) 38. Ne8 {[#] Intending Nf6 and mate.} Nd5 39. Rd7 {aiming for Nf6!} Rd3 40. Kh2 Ne3 41. Nf6 {Precision: White = 72%, Black = 29%.} 1-0

[Event "2nd Sharjah Masters 2018"]
[Site "Sharjah"]
[Date "2018.04.14"]
[Round "3"]
[White "Vishnu Prasanna  V"]
[Black "Kravtsiv, Martyn"]
[Result "1-0"]
[WhiteElo "2510"]
[BlackElo "2680"]
[Annotator "TA"]
[PlyCount "99"]
[EventDate "2018.??.??"]
[EventType "swiss"]
[EventCountry "UAE"]
[SourceTitle "playchess.com"]
[Source "ChessBase"]
[SourceQuality "1"]

{[%evp 25,99,2,0,2,22,7,9,14,23,21,21,13,23,13,46,38,56,62,75,70,81,83,73,55,131,126,127,127,141,127,123,56,55,50,41,48,45,33,33,33,33,33,33,33,51,40,45,48,48,36,38,37,35,38,38,33,145,156,184,181,170,178,166,154,131,83,550,543,546,512,403,455,1206,1150,1279,1248]} 1. e4 e5 2. Nf3 Nc6 3. Bb5 a6 4. Ba4 Nf6 5. O-O Be7 6. Re1 b5 7. Bb3 O-O 8. d3 d6 9. c3 Na5 10. Bc2 c5 11. a4 {C90: Closed Ruy Lopez with 7...d6: Early deviations} (11. Nbd2 Re8 12. Nf1 Nc6 13. Ne3 Bf8 14. a4 b4 15. Nd5 h6 16. a5 Nxd5 17. exd5 Nxa5 18. Ba4 Re7 19. Nd2 Rb8 20. c4 Nb7 21. Ne4 f5 22. Ng3 {1-0 (43) Carlsen,M (2837)-Ding,L (2774) Saint Louis 2017}) 11... Be6 12. Nbd2 Nc6 13. Nf1 h6 {LiveBook: 9 Games} 14. Ne3 {[#]} Qd7 $146 ({Predecessor:} 14... Qb6 15. Bb3 Na5 16. Nd5 Qb7 17. Nxe7+ Qxe7 18. Bc2 b4 19. cxb4 cxb4 20. d4 Rfc8 21. h3 Qc7 22. Re2 Bc4 23. Re1 Be6 24. Re2 Bc4 25. Re1 {½-½ (25) Smirin,I (2650)-Bacrot,E (2709) Odessa 2007}) 15. d4 cxd4 16. cxd4 Nxd4 17. Nxd4 exd4 18. Qxd4 Rac8 19. Qd3 Qb7 20. axb5 axb5 21. Bd2 Nd7 {[#]} 22. e5 $1 {[%csl Gc2][%cal Rd3h7][%mdl 512]} g6 (22... dxe5 23. Qh7#) 23. exd6 Bf6 24. Ra5 b4 (24... Rfd8 $14) 25. Bb3 $16 Nc5 {[#]} 26. Rxc5 $1 {[%mdl 512]} Rxc5 27. Bxe6 fxe6 28. Ng4 ({Better is} 28. d7 $16 {Threatens to win with Ng4.} Kf7 29. Ng4) 28... Rd5 $1 $14 {[%cal Rd5d3]} 29. Qxg6+ Qg7 30. Nxf6+ ({Much worse is} 30. Nxh6+ Kh8 $17) 30... Rxf6 31. Qxg7+ Kxg7 32. Bxb4 {[%mdl 4096] Endgame And now Bc3 would win. KRR-KRB} Rf4 33. Bc3+ Kf7 34. g3 Rc4 35. Ra1 Rxd6 36. Ra7+ Kg6 37. Rg7+ Kf5 38. Rf7+ Kg6 39. Rf6+ Kh7 $1 40. Kg2 Rg4 (40... h5 $14) 41. f4 $1 $16 {[%cal Bf2f4,Bf4f5,Bf5f6][%mdl 32]} Rg6 42. Rf8 {[%csl Gc3][%cal Rf8h8]} Rg8 {[#]} 43. Rf7+ $1 Kg6 44. Rf6+ Kh7 45. f5 {White wants to mate with Rf7+.} Re8 $2 {[%mdl 8192] [#]} (45... Rb8 $16 {is a better chance.}) 46. Rf7+ $1 $18 Kg8 47. Rg7+ Kf8 48. Rb7 Rd5 (48... Red8 $142 49. Bb4 Ke8 50. Bxd6 Rxd6 51. fxe6 Rxe6) 49. f6 {Intending Bb4+ and mate.} Rf5 50. g4 {Precision: White = 81%, Black = 41%.} 1-0

[Event "2nd Sharjah Masters 2018"]
[Site "Sharjah"]
[Date "2018.04.14"]
[Round "3"]
[White "Haddouche, Mohamed"]
[Black "Sidhant, Mohapatra"]
[Result "1/2-1/2"]
[WhiteElo "2506"]
[BlackElo "2382"]
[Annotator "TA"]
[PlyCount "74"]
[EventDate "2018.??.??"]
[EventType "swiss"]
[EventCountry "UAE"]
[SourceTitle "playchess.com"]
[Source "ChessBase"]
[SourceQuality "1"]

{[%evp 28,74,-10,-6,25,0,0,0,0,0,0,0,0,0,0,0,30,32,82,86,79,69,68,70,70,69,72,64,79,61,61,45,50,37,51,52,54,0,50,0,8,0,0,2,22,23,27,7,7]} 1. e4 c5 2. Nf3 d6 3. d4 cxd4 4. Nxd4 Nf6 5. Nc3 a6 6. Be2 e5 7. Nb3 Be7 8. O-O O-O 9. Kh1 b6 {[%cal Bb7b6,Bb6b5,Bb5b4][%mdl 32]} 10. Be3 Bb7 11. f3 b5 12. a4 {B92: Sicilian Najdorf: 6 Be2} b4 13. Nd5 Nxd5 14. exd5 Nd7 {[%cal Bb8d7,Bd7f6,Bf6d5][%mdl 32]} 15. c3 {[#] LiveBook: 36 Games} Nf6 $146 ({Predecessor:} 15... bxc3 16. bxc3 Bg5 17. Bf2 Qc7 18. c4 Rab8 19. Bd3 Ba8 20. Qc2 g6 21. Rfd1 Rb4 22. Be1 Rbb8 23. Bf2 Rb4 24. Be1 Rbb8 25. Bf2 {½-½ (25) Jakovenko,D (2736)-Khismatullin,D (2664) Tyumen 2012}) 16. cxb4 Nxd5 17. Bd2 Qb6 18. Na5 {[%cal Bb3a5,Ba5c4,Bc4e5,Be5g4,Bg4e3,Be3f5][%mdl 32]} Nxb4 19. Nc4 Qc5 20. Qb3 d5 21. Nxe5 {next Nd7 is good for White.} Qd4 22. Bc3 Qe3 23. Rae1 $36 {[%mdl 2048] [#] Black must now prevent Bxa6. White has strong initiative.} a5 24. Bb5 Qh6 $1 25. Ng4 Qd6 $1 26. Qd1 Bd8 27. Ne3 {[#] aiming for Bxg7!} Bf6 28. Nf5 Qd8 29. Qd2 Bc8 30. Nd4 Qd6 31. Nb3 Ba6 32. Nd4 Bc8 33. Rd1 Na2 $1 34. Ne2 Nxc3 35. Nxc3 Qb4 36. Nxd5 Qxb2 37. Nxf6+ Qxf6 {Precision: White = 47%, Black = 71%.} 1/2-1/2

[Event "2nd Sharjah Masters 2018"]
[Site "Sharjah"]
[Date "2018.04.14"]
[Round "3"]
[White "Erigaisi Arjun"]
[Black "Safarli, Eltaj"]
[Result "0-1"]
[WhiteElo "2481"]
[BlackElo "2653"]
[Annotator "TA"]
[PlyCount "106"]
[EventDate "2018.??.??"]
[EventType "swiss"]
[EventCountry "UAE"]
[SourceTitle "playchess.com"]
[Source "ChessBase"]
[SourceQuality "1"]

{[%evp 23,106,0,0,0,9,7,14,8,21,11,29,2,12,21,56,62,70,-11,16,17,20,20,20,0,0,0,0,0,0,0,0,-40,0,0,0,-118,-119,-191,-176,-206,-219,-208,-214,-212,-212,-212,-195,-186,-184,-232,-227,-206,-94,-5677,-5725,-6410,-6350,-5701,-5693,-5705,-2833,-12827,-12756,-12833,-12833,-12833,-12831,-12824,-12823,-12841,-12841,-12841,-12842,-12842,-12843,-12843,-12842,-12845,-12845,-12845,-12846,-12846,-12845,-12848,-12847]} 1. Nf3 c5 2. c4 Nf6 3. g3 g6 4. Nc3 Bg7 5. Bg2 O-O 6. O-O Nc6 7. d4 cxd4 8. Nxd4 Qa5 9. Nb3 Qh5 10. c5 {A39: Symmetrical English vs ...g6: 4 Bg2 Bg7 5 Nf3 Nf6 6 0-0 0-0 7 d4} a5 11. a4 (11. e3 a4 12. Nd4 Qxc5 13. Nxa4 Qa5 14. b3 e5 15. Bd2 Qa6 16. Nc5 Qa7 17. Nxc6 dxc6 {0-1 (70) Fedoseev,V (2718)-Svidler,P (2765) St Petersburg 2017}) 11... d5 12. cxd6 Rd8 {LiveBook: 5 Games} 13. Nb5 exd6 ({Of course not} 13... Ng4 $6 14. h3 $16) 14. Nc7 $146 ({Predecessor:} 14. e4 Bg4 15. f3 Bh3 16. Bxh3 Qxh3 17. Bg5 d5 18. Bxf6 Bxf6 19. exd5 {0-1 (28) Sviridov,V (2429)-Kovalev,V (2549) Orsha 2018}) 14... Rb8 15. e4 Bg4 16. f3 Bh3 17. g4 Qh4 18. Bf4 {Threatens to win with Bg3.} Bxg2 19. Kxg2 Rbc8 20. Nb5 (20. Bg3 $1 $14 Qh6 21. Nb5) 20... Ne8 21. Qd2 Qe7 22. Rac1 Qe6 23. Nxa5 Nxa5 24. Qxa5 Bxb2 25. Rxc8 Rxc8 26. Rf2 Be5 27. Bxe5 dxe5 28. Nc3 Nd6 (28... b6 $5 29. Qb4 $8 Rc4 $11) 29. Nd5 {[#]} (29. h3 $11) 29... Nxe4 $1 $17 {[%mdl 512]} 30. Re2 (30. Nc7 $17 Rxc7 31. Qxc7 Nxf2 32. Kxf2) (30. fxe4 Qxg4+) 30... Nc5 $19 31. Rd2 Nb3 32. Qb6 Nxd2 33. Qxe6 fxe6 34. Ne7+ Kf8 35. Nxc8 {[%mdl 4096] Endgame KN-KN} Nc4 $1 36. Kf2 Ke8 $1 37. Na7 {[#]} Nd6 $1 38. Ke3 $2 {[%mdl 8192] [#]} (38. h4 $17) 38... g5 $1 {Black is clearly winning.} 39. Kd3 Kd7 40. Kc3 Kc7 41. Kb4 Kb6 42. Nb5 Nxb5 43. axb5 {KP-KP} Kc7 44. Kc5 Kd7 45. Kb6 Kc8 46. Ka7 Kc7 47. h3 h6 48. Ka8 Kb6 49. Kb8 Kxb5 50. Kxb7 Kc5 51. Kc7 Kd4 52. Kd6 e4 53. fxe4 e5 {Precision: White = 40%, Black = 86%.} 0-1

[Event "2nd Sharjah Masters 2018"]
[Site "Sharjah"]
[Date "2018.04.14"]
[Round "3"]
[White "Vignesh N R"]
[Black "Iturrizaga Bonelli, Eduardo"]
[Result "0-1"]
[WhiteElo "2475"]
[BlackElo "2624"]
[Annotator "TA"]
[PlyCount "52"]
[EventDate "2018.??.??"]
[EventType "swiss"]
[EventCountry "UAE"]
[SourceTitle "playchess.com"]
[Source "ChessBase"]
[SourceQuality "1"]

{[%evp 13,52,-22,-9,-16,-19,-6,0,-15,0,-16,-13,-25,0,0,0,-11,-6,0,-8,-123,-131,-127,-133,-111,-116,-147,-161,-229,-225,-270,-261,-350,-347,-457,-452,-409,-367,-451,-453,-434,-387]} 1. e4 g6 2. d4 Bg7 3. Nc3 a6 4. f4 b5 5. a3 Bb7 6. Nf3 d6 7. Bd3 {B06: Modern Defence} Nd7 {LiveBook: 12 Games} 8. Ne2 (8. Be3 c5 9. dxc5 Nxc5 10. Bxc5 dxc5 11. e5 f5 12. O-O Qb6 13. Be2 Rd8 14. Qe1 Nh6 {½-½ (48) Gasanov,E (2482)-Kryakvin,D (2591) St Petersburg 2010}) 8... e5 $146 ({Find the theoretical novelty and annotate with similar games:} 8... c5 9. c3 Ngf6 10. e5 Nd5 11. O-O e6 12. Kh1 O-O 13. Ng3 cxd4 14. cxd4 f6 15. exd6 {½-½ (57) Korchagina,V (2155)-Bronnikova,E (2317) St Petersburg 2008}) 9. fxe5 {The position is equal.} dxe5 10. Bg5 Bf6 11. Qd2 exd4 12. Nexd4 c5 13. Nxb5 $1 axb5 14. Bxb5 Ba6 15. Bc6 Rc8 16. Ba4 {[#]} (16. Qd5 $1 $11 Rxc6 17. Qxc6) 16... Bxg5 $1 $17 17. Nxg5 {Threatens to win with 0-0-0.} Ngf6 18. O-O-O O-O 19. Bxd7 Nxd7 20. Nf3 (20. Nxh7 $142 Kxh7 21. Qxd7 Qg5+ 22. Qd2) 20... Bb5 $19 21. Qh6 {[#] Black must now prevent Ng5.} Qf6 22. e5 Nxe5 23. Nxe5 Qxe5 24. Rhe1 Qf6 25. Re3 Rcd8 {( -> ...Rxd1+)} 26. Rde1 Rfe8 {Precision: White = 41%, Black = 86%.} 0-1

[Event "2nd Sharjah Masters 2018"]
[Site "Sharjah"]
[Date "2018.04.14"]
[Round "3"]
[White "Iniyan, P."]
[Black "Nikhil Magizhnan"]
[Result "1-0"]
[WhiteElo "2466"]
[BlackElo "2105"]
[Annotator "TA"]
[PlyCount "163"]
[EventDate "2018.??.??"]
[EventType "swiss"]
[EventCountry "UAE"]
[SourceTitle "playchess.com"]
[Source "ChessBase"]
[SourceQuality "1"]

{[%evp 15,163,8,7,-5,8,4,16,0,15,-1,0,7,6,-4,-6,0,0,-1,32,0,0,0,0,0,0,0,0,0,27,-43,0,0,28,33,19,12,42,0,51,26,159,7,57,50,53,37,37,42,37,36,43,52,76,71,71,71,71,73,77,61,64,64,90,78,78,49,54,55,78,78,78,70,78,36,81,81,120,97,91,78,109,94,163,84,153,160,179,210,238,238,234,231,232,231,218,167,171,181,269,247,239,152,259,231,323,329,567,578,599,590,557,528,619,621,542,487,645,620,609,616,623,552,889,821,1335,1175,12838,6494,12843,12843,12843,12842,12842,12843,12843,12843,12844,12844,12845,12845,12847,12848,12848,12849,12849,12850,29991,29992,29992,29993]} 1. Nf3 Nf6 2. g3 g6 3. b3 Bg7 4. Bb2 O-O 5. Bg2 d6 6. O-O e5 7. d3 Nc6 8. c4 Re8 {LiveBook: 24 Games. A15: English Opening: 1...Nf6} (8... Nh5 9. Nc3 f5 10. Rc1 g5 11. Nd2 g4 12. c5 Be6 13. cxd6 cxd6 14. Nd5 f4 15. Bh1 Nf6 16. Nxf6+ Rxf6 17. d4 exd4 {½-½ (63) Bacrot,E (2697)-Adhiban,B (2674) Berlin 2015}) 9. Nfd2 Be6 10. Nc3 Nd7 $146 {The position is equal.} ({Predecessor:} 10... Qd7 11. Nd5 Bxd5 12. cxd5 Nb4 {0-1 (31) Corominas Vinas,R-Rahal,J (1778) Cerdanyola del Valles 2010}) 11. Nd5 Rb8 12. a3 Ne7 13. b4 c6 14. Nc3 d5 15. Rc1 Rc8 16. e3 Nb6 {[%cal Rd5c4]} 17. cxd5 cxd5 18. Nb3 d4 19. exd4 exd4 20. Ne4 Rxc1 21. Bxc1 Bd5 22. Nec5 (22. Na5 $11) 22... Qa8 23. Bb2 Nf5 24. Be4 Qc8 25. Re1 h5 26. a4 Bxe4 (26... Nd6 $11) 27. dxe4 $14 (27. Rxe4 Nd5 $15) 27... Nh6 (27... Nc4 $11 {remains equal.} 28. Ba1 (28. exf5 Nxb2 29. Rxe8+ Qxe8 $11) (28. Bxd4 $2 Nxd4 29. Nxd4 Rd8 $19) 28... Ne7) 28. Qd3 $2 ({Don't take} 28. Nxd4 $6 Rd8 $11) (28. Bxd4 $16 Bxd4 29. Nxd4) 28... Nd7 (28... Ng4 {looks sharper.} 29. Nxd4 Rd8 30. f4 Nxa4 31. Nxa4 Qd7) 29. Bxd4 Bxd4 30. Nxd7 Qxd7 31. Qxd4 Qxd4 32. Nxd4 {[%mdl 4096] Endgame KRN-KRN} Rc8 33. Nb5 Rc4 34. Rb1 a5 35. bxa5 Rxa4 36. Nd6 {And now Rb5 would win.} Rxa5 37. Rxb7 Ra1+ 38. Kg2 Ra6 39. Rd7 Ng4 40. h3 Ne5 41. Rd8+ Kg7 42. Ne8+ Kh7 43. Rd5 Nc4 44. Kf3 Re6 45. Nc7 Rd6 46. Nb5 Re6 47. Rd4 Ne5+ 48. Kf4 g5+ (48... Kg7 $16) 49. Ke3 ({White should try} 49. Kf5 $18) 49... Ng6 ({Better is} 49... g4 50. hxg4 Nxg4+ 51. Ke2 Ra6) 50. Rd5 $16 Kh6 51. Nd6 Ne7 52. Nxf7+ Kg7 53. Rxg5+ Kxf7 54. Rxh5 $18 {KRN-KR} Ra6 55. Rh7+ Kf8 56. h4 {[%cal Bh3h4,Bh4h5][%mdl 32]} Re6 (56... Ra3+ $142 57. Kf4 Ng6+ 58. Kf5 Ne7+ 59. Kg4 Nc6) 57. Rh5 Ra6 58. Rh8+ Kg7 {[#]} (58... Ng8 $16 {was necessary.} 59. Rh5 Ne7) 59. Rd8 $1 Ng6 60. h5 Ne5 $2 {[#]} (60... Nf8 61. e5 Ne6) 61. Kf4 $1 Nf7 62. Rd5 Rf6+ 63. Rf5 Re6 64. g4 {[%cal Bg3g4,Bg4g5,Bg5g6][%mdl 32]} Nd6 65. Re5 Rf6+ 66. Kg3 Nc4 67. Rd5 Re6 68. f3 {[%cal Bf2f3,Bf3f4,Bf4f5][%mdl 32]} Nd6 69. g5 Nf7 70. Kf4 Re7 71. Kf5 Ra7 72. e5 Ra6 73. f4 Kf8 74. g6 Nh6+ 75. Kg5 Ng8 76. f5 Ra1 77. Rd8+ Kg7 {[#]} 78. h6+ $1 {[%mdl 512]} Kh8 (78... Nxh6 79. f6#) 79. h7 {[%csl Gd8][%cal Rh7g8]} Rg1+ 80. Kf4 {[%csl Gd8][%cal Rh7g8]} Rf1+ 81. Ke3 {[%csl Gd8][%cal Rh7g8]} Re1+ 82. Kd2 {Precision: White = 55%, Black = 37%.} 1-0